00729nam a22002177a 4500003000500000005001700005008004100022010001000063011001000073035001000083040000900093100003300102245011000135260004000245300002200285502008900307650001200396650003700408650003800445650002800483CHAP20220329140532.0971013s1982 r 00010 d a53524 a54496 a58647 cCHAP00aRubio Torres, J. Candelario. aEvaluación in-vitro del bagazo y la punta de caña como ingredientes de dieta completas para rumiantes aChapingo, Méx. :bEl autor,c1982 a82 h.b; gráfs. aTesis (M. C. Esp. en Ganadería) -- Colegio de Postgraduados. Centro de Ganadería14aBagazo.14aCaña de azúcar como forraje.14aCaña de azúcarxSubproductos.14aRumiantesxNutrición.